• 首页
  • 本馆介绍
  • 公告通知
  • 最新文献
  • 馆藏检索
  • 电子资源
  • 读者导购
  • 参考咨询
  • 我的图书馆
  • 登录
  • 详细信息显示
  • 放入我的书架
  • 预约/预借图书
  • 作者相关作品
  • 分类相关作品
  • 丛书相关作品
  • 出版社相关作品

书目信息

  • 表格格式
  • 工作单格式
  • 卡片格式
题名:
美国战争经济论
    
 
作者: 杜文君 著
分册:  
出版信息: 北京   中国财政经济出版社  2009
页数: 263页
开本: 23cm
丛书名:
单 册:
中图分类: E0-054
科图分类:
主题词: 军事经济学--研究--美国 , 军事经济学
电子资源:
ISBN: 978-7-5095-1342-2
000 00936nlm0 2200265 450
001 523
005 20140908111411.09
010    @a978-7-5095-1342-2@dCNY36.00
100    @a20100315d2009 em y0chiy50 ea
101 0  @achi@deng
102    @aCN@b110000
105    @ay z 000yy
106    @ar
200 1  @a美国战争经济论@AMei Guo Zhan Zheng Jing Ji Lun@f杜文君著@FDu Wen Jun Zhu
210    @a北京@c中国财政经济出版社@d2009
215    @a263页@d23cm
325    @a电子复制品
330    @a本书以美国战争的经济本源为龙头、以美国战争及其军事战略的逻辑基点为导向,以军事战略的构成要素为基本脉络,分析了美国战争及其军事战略目的经济利益渴望、战争手段的经济选择和战争力量建设的效益追求等。
510 1  @aOn war economy of America@zeng
606 0  @a军事经济学@x研究@y美国
606 0  @a军事经济学
690    @aE0-054@v5
701  0 @a杜文君@ADu Wen Jun@c(女)@4著
801  0 @aCN@bTANGWEI@c20140603
905    @b0840398-400@dE0-054@e20@f3
    
    美国战争经济论/杜文君著.-北京:中国财政经济出版社,2009
    263页;23cm
    
    
    ISBN 978-7-5095-1342-2:CNY36.00
    本书以美国战争的经济本源为龙头、以美国战争及其军事战略的逻辑基点为导向,以军事战略的构成要素为基本脉络,分析了美国战争及其军事战略目的经济利益渴望、战争手段的经济选择和战争力量建设的效益追求等。
●
相关链接 在E读中查询图书 在五车中查询图书 在当当中查询图书 在豆瓣中查询图书


正题名:美国战争经济论     索取号:E0-054/20         预约/预借

序号 登录号 条形码 馆藏地/架位号 状态 备注
1 0840398   208403985   第一样本阅览室/ [索取号:E0-054/20] 在馆    
2 0840399   208403994   第一借阅区/ [索取号:E0-054/20] 在馆    
3 0840400   208404001   密集书库-海洋学院/ [索取号:E0-054/20] 在馆    
唐山师范学院图书馆 欢迎您!
大连网信软件有限公司© 版权所有